000
00345nam a2200145Ia 4500
008
231011s9999 xx 000 0 und d
041
_a
eng
082
_a
332
100
_a
Shaikh Saleem
245
_a
Business Environment [Shaikh]
250
_a
2nd
260
_b
Pearson Education (PTE)Ltd.New Delhi Delhi
300
_a
802
365
_b
380
999
_c
892490
_d
892490